Dictionary (English to Hindi) (Record no. 5799)

MARC details
000 -LEADER
fixed length control field 00309nam a22001337a 4500
005 - DATE AND TIME OF LATEST TRANSACTION
control field 20190330130913.0
008 - FIXED-LENGTH DATA ELEMENTS--GENERAL INFORMATION
fixed length control field 190330b xxu||||| |||| 00| 0 eng d
041 ## - LANGUAGE CODE
Language code of text/sound track or separate title eng
100 ## - MAIN ENTRY--AUTHOR NAME
Personal name Pathak, Dr R C
245 ## - TITLE STATEMENT
Title Dictionary (English to Hindi)
260 ## - PUBLICATION, DISTRIBUTION, ETC. (IMPRINT)
Name of publisher Bhargava
Year of publication 2019
300 ## - PHYSICAL DESCRIPTION
Number of Pages 1280
942 ## - ADDED ENTRY ELEMENTS (KOHA)
Koha item type Books
Holdings
Lost status Damaged status Collection code Home library Current library Shelving location Date acquired Source of acquisition Cost, normal purchase price Accession Number Koha item type
    LIFE SKILL JRU Library JRU Library SHELF-103-E 30/03/2019 Purchase 400.00 23065 Books